000 00708nam a2200205 i 4500
001 185555
003 ES-MaACL
005 20230906222450.0
008 160711s1951 ck |||| | spa d
100 1 _aYépez, José Macario.
_9160131
245 1 0 _aDefensa de la iglesia y de su patrimonio /
_cJosé Macario Yépez.
250 _aEd. conmemorativa del IV centenario de la ciudad de Barquisimeto.
260 _a[Caracas] :
_bEdit. Ávila Gráfica,
_c[1951]
300 _a262 p. ;
_c22 cm.
490 1 _aBiblioteca de Cultura Larense ;
_v4
650 4 _aPatrimonio eclesiástico.
_9136669
830 0 _aBiblioteca de Cultura Larense ;
_v4
_9192343
852 _aES-MaACL
_jE-3441
999 _c185555
_d185555